000 00499nam a22001817a 4500
008 170407b xxu||||| |||| 00| p tur d
020 _a9754187657
041 _atur
050 _aPL248.C345
100 _aAkın, Gülten
_9109
245 _aSevdiğim Yaz Geldi Yine
_cGülten Akın
250 _a1. baskı
260 _aİstanbul
_bAdam Yayınları
_cMayıs 2003
300 _a140 sayfa
500 _aAdam Şiir Klasikleri 2 adet mevcuttur.
650 0 _9145
_aTürk Edebiyatı
942 _2lcc
_cBK
999 _c357
_d353